| 000 | 00872cam a2200313 4500 | ||
|---|---|---|---|
| 001 | ABS68221 | ||
| 008 | 040924n2004 000 0 eng u | ||
| 035 | _a(Sirsi) u127510 | ||
| 245 | _aFocus 2: West End | ||
| 260 | _c2004 | ||
| 490 |
_aEstates Gazette _v(0438) 18 September 2004, 107-137(17) |
||
| 590 | _aABS | ||
| 590 | _aABS | ||
| 650 | _aWEST END OF LONDON | ||
| 650 | _aLONDON | ||
| 650 | _aSOHO | ||
| 650 | _aPROPERTY-COMMERCIAL PROPERTY-OFFICE PROPERTY-OFFICE PROPERTY MARKET | ||
| 650 | _aRESIDENTIAL MARKET | ||
| 650 | _aINDUSTRIAL MARKET | ||
| 650 | _aPROPERTY-COMMERCIAL PROPERTY-RETAIL PROPERTY-RETAIL PROPERTY MARKET | ||
| 650 | _aRENTS | ||
| 650 | _aVACANCY RATES | ||
| 650 | _aINVESTMENT | ||
| 650 | _aVICTORIA | ||
| 650 | _aLEICESTER SQUARE | ||
| 650 | _aHOTEL MARKET | ||
| 690 | _aCOMMERCIAL PROPERTY-MARKET | ||
| 942 | _n0 | ||
| 999 |
_c118046 _d118046 |
||